000
00293nam a22001337a 4500
008
180918b xxu||||| |||| 00| 0 eng d
020
_a
1556642628
041
_a
eng
080
_a
617
100
_a
5
101
_a
KIR
245
_a
Current Therapy Vascular Surgery
_c
Ernst
942
_2
udc
_c
BK
999
_c
47953
_d
47953